Farmacología - Estadísticas

Estadísticas generales
  • Esta prueba ha sido intentada 86 veces
  • La puntuación promedio es 6 de 11
Estadísticas de respuestas
Hint Respuesta % Correcto
"...prazol" (ej: omeprazol) Inhibidores de la bomba de protones
74%
"...coxib" (ej: celecoxib) Antinflamatorios no esteroideos específicos de COX-2/ AINES COX-2
69%
"...lol" (ej: propranolol) β1-bloqueantes/beta-1 bloqueantes
63%
"...artán" (ej: losartán) Antagonista de los receptores de angiotensina-II/ ARA-II
61%
"...terol" (ej: salmeterol) Beta agonistas de larga duración/ LABA
57%
"...tamol" (ej: salbutamol) Beta agonistas de corta duración/ SABA
56%
"...pril" (ej: danapril) Inhibidores de la enzima convertidora de angiotensina/ IECA
52%
"...lukast" (ej: montelukast) Antileucotrienos
50%
"...kiren" (ej: aliskiren) Inhibidor directo de la renina/ IDR
46%
"...ban" (ej: tirofiban) Inhibidores de GpIIb/IIIa
41%
"...grel" (ej: clopidogrel) Inhibidores de P2Y12
41%
No se encontraron pruebas coincidentes
Distribución de puntuación
Porcentaje de gente con cada puntuación
Porcentaje por número respondido
Historial de tus puntuaciones
No has intentado esta prueba.